000 00453nam a2200169Ia 4500
008 230524s9999 xx 000 0 und d
020 _a9780195420906
082 _a333.714
100 _aBram F. Noble
_943952
245 0 _aIntroduction to Environmental Impact Assessment: A Guide to Principles and Practice
250 _a1
260 _aCanada
_bOxford
300 _a224
500 _aQuantity Number: 1
650 _aEnvironmental
942 _cBK
999 _c59575
_d59575